000 01109nam a22003137a 4500
003 CHAP
005 20220329134517.0
008 971013s1975 r 00010 d
010 _a21391
011 _a22363
035 _a26458
040 _cCHAP
082 _a338.763
_bD75
100 0 0 _aDrilon, J. D., Jr.
_eed.
_934238
245 _aSoutheast asian agribusiness
_b: advanced agribusiness, course and seminar materials
260 _aHong Kong :
_bAsian Productivity Organization,
_c1975
300 _a326 p.
_b: ilus. ; mapa ; gráfs.
490 _aAgribusiness management resource materials
_v; 3
590 _aBATCH-UPD
_b10
_c20130110
_lUCH01
_h0058
590 _aBATCH-UPD
_b10
_c20130110
_lUCH01
_h2306
590 _aBATCH-UPD
_b10
_c20130409
_lUCH01
_h2047
590 _aBATCH-UPD
_b10
_c20130913
_lUCH01
_h1957
590 _aCONVERSION
_b10
_c20130109
_lUCH01
_h1313
650 1 4 _aIndustrias agrícolas
_xAsia.
_957928
830 0 _aAgribusiness management resource materials
_v; 3
_91167
901 _aBK
942 _cLIBRO
949 _a338.763 D75
_bBC
_cLIBRO
_d33724000418794
_eLIBRO
_h66221
_i26458
_mD
_si
999 _c21391
_d21391